00715nam a2200217 i 4500003000900000005001700009007000300026008004100029040003000070041000800100082001700108100003900125245005800164264005800222300002800280336002700308337003400335338002800369500006300397504003700460DO-SdBNP20260417143147.0ta260417b200? dr ||||| |||| 00| 0 spa d aDO-SdBNPbspacBNPHUerda aspa 4axxxbxxx222 aLuna, Vicente,d1952-eautor4aut.10aHistoria política y social de Cotui /cVicente Luna 1aSanto Domingo :bImpresora del Nordeste, S.A.,c200?. a193 páginas ;c21 cm. atextobtxt2rdacontent asin mediación bn2rdamedia avolumenbnc2rdacarrier aIncluye datos biográficos del autor en la contracubierta aBibliografía: página 191-193